| 000 | 02497cam a22004934i 4500 | ||
|---|---|---|---|
| 003 | PE-LiUPU | ||
| 005 | 20250731165550.0 | ||
| 008 | 150625s r 000 0 d | ||
| 035 | _a(Sirsi) a34403 | ||
| 035 | _a(Sirsi) a34403 | ||
| 040 |
_aPE-LiUPU _bspa _cPE-LiUPU _erda |
||
| 082 | 0 | 4 |
_a985.04 _bD _223 |
| 245 | 0 | 3 |
_aLa Marina 1780-1822 : _nVolumen 1. / _ccompilación, Julio J. Elías M. ; edición y prólogo, Félix Denegri Luna. |
| 264 | 1 |
_aLima : _bComisión Nacional del Sesquicentenario de la Independencia del Perú, _c1971-1974. |
|
| 300 |
_a636 páginas ; _c24 centímetros. |
||
| 336 |
_atext _2rdacontent |
||
| 337 |
_aunmediated _2rdamedia |
||
| 338 |
_avolume _2rdacarrier |
||
| 490 | 0 |
_aColección Documental de la Independencia del Perú ; _v7 |
|
| 505 | _aMiembros del gobierno revolucionario de la fuerza armada -- Comisión nacional del sesquicentenario de la independencia del Perú -- Antecedentes -- 1753-1771 construcción naval -- Cartografía marítima -- Cartografía general. Guía para la investigación general -- 1791-1794. Antiguo Mercurio Peruano -- Comercio. Expedición Malaspina. Biblioteca del museo Naval de Madrid -- Expedientes de los diputados del cuerpo de navieros -- 1800-1820. Expedientillos y otros papeles sobre diferentes aspectos navales -- 1801. Relación de los buques mercantes matriculados en el Callao (1808-1821) -- Correos. Disposiciones de 1811-1813. Archivo general de indias de Sevilla -- Pesca marítima. Hipólito Unanue y el decreto sobre la pesca de ballenas -- Comercio libre de las Américas. Archivo histórico de hacienda (México) -- 1815-1821. Guerra de corso. | ||
| 526 | _aSEG44 | ||
| 526 | _aSEG26 | ||
| 526 | _aP151 | ||
| 526 | _aP150 | ||
| 526 | _aP149 | ||
| 526 | _aP146 | ||
| 526 | _aP145 | ||
| 526 | _aP126 | ||
| 526 | _aP125 | ||
| 526 | _aP92 | ||
| 526 | _aP75 | ||
| 526 | _aP74 | ||
| 526 | _aP27 | ||
| 526 | _aP15 | ||
| 651 | _aPerú. Marina de Guerra | ||
| 651 |
_aPerú _xHistoria naval |
||
| 651 |
_aPerú _xHistoria _yEmancipación, 1808-1824 _vFuentes. |
||
| 700 | 1 |
_aElías Murgía, Julio J., _d1901-1972, _ecompilador. |
|
| 700 | 1 | _aDenegri Luna, Félix1919-1998. | |
| 942 |
_2ddc _cBK |
||
| 949 |
_aRC 985.04 D 7 / 1 _wDEWEY _c1 _i17003 _lRC _mBUL _r0 _sY _tBOOK _u2015-6-25 _xBIBLIOTECA _zUNKNOWN _0COMPRA _o.CIRCNOTE. No olvidar cambiar la fecha de devolución!!!!!!! _o.STAFF. Colección General |
||
| 999 |
_c42256 _d42256 |
||
| 980 |
_81 _gALBERTO SANCHEZ Responsable de Automatización |
||